000 01183cam a2200289 a 4500
090 _c0
001 2090276
005 19960703064222.8
008 951226s1996 nyuab b 001 0 eng
010 _a95053779
020 _a0070171858 (acidfree paper)
040 _aDLC
_cDLC
_dDLC
050 0 0 _aLB3223
_b.D599 1996
082 0 0 _a378.1962
_220
_bDOR
100 1 _aDober, Richard P.
245 1 0 _aCampus Architecture :
_bBuilding in the Groves of Academe /
_cRichard P. Dober.
246 3 0 _aBuilding in the groves of academe
260 _aNew York :
_bMcGraw-Hill,
_cc1996.
300 _axiii, 258 p. :
_bill., maps ;
_c29 cm.
504 _aIncludes bibliographical references (p. 253-254) and index.
650 0 _aCollege buildings
_xDesigns and plans.
650 0 _aCampus planning.
650 0 _aCollege facilities
_xPlanning.
942 _2ddc
_cBB
999 _c10527
_d10527